Cataloging and organizing digital resources: (Record no. 5213)
[ view plain ]
| 000 -LEADER | |
|---|---|
| fixed length control field | 00650nam a22001937a 4500 |
| 008 - FIXED-LENGTH DATA ELEMENTS--GENERAL INFORMATION | |
| fixed length control field | 230301b |||||||| |||| 00| 0 eng d |
| 020 ## - INTERNATIONAL STANDARD BOOK NUMBER | |
| International Standard Book Number | 1856045560 |
| 040 ## - CATALOGING SOURCE | |
| Original cataloging agency | National Science Library |
| Transcribing agency | National Science Library |
| 080 ## - UNIVERSAL DECIMAL CLASSIFICATION NUMBER | |
| Universal Decimal Classification number | D 02:681.3 |
| Item number | P5 |
| 100 ## - MAIN ENTRY--PERSONAL NAME | |
| Personal name | Mitchell, Anne M |
| 9 (RLIN) | 1790 |
| 245 ## - TITLE STATEMENT | |
| Title | Cataloging and organizing digital resources: |
| Remainder of title | A how-to-do-it manual for librarians |
| 260 ## - PUBLICATION, DISTRIBUTION, ETC. | |
| Place of publication, distribution, etc. | London: |
| Name of publisher, distributor, etc. | Facet Publishing, |
| Date of publication, distribution, etc. | 2005 |
| 300 ## - PHYSICAL DESCRIPTION | |
| Extent | viii, 219p. |
| 650 ## - SUBJECT ADDED ENTRY--TOPICAL TERM | |
| Topical term or geographic name entry element | Information science |
| 653 ## - INDEX TERM--UNCONTROLLED | |
| Uncontrolled term | Cataloging of electronic information resources |
| 653 ## - INDEX TERM--UNCONTROLLED | |
| Uncontrolled term | Cataloging of computer files |
| 700 ## - ADDED ENTRY--PERSONAL NAME | |
| Personal name | Surratt, Brian E |
| 942 ## - ADDED ENTRY ELEMENTS (KOHA) | |
| Source of classification or shelving scheme | Universal Decimal Classification |
| Koha item type | Books |
| Withdrawn status | Lost status | Source of classification or shelving scheme | Damaged status | Not for loan | Home library | Current library | Shelving location | Date acquired | Total Checkouts | Full call number | Barcode | Date last seen | Price effective from | Koha item type |
|---|---|---|---|---|---|---|---|---|---|---|---|---|---|---|
| Universal Decimal Classification | National Science Library | National Science Library | GF/Rk-2/C-3/R-5 | 14/03/2006 | D 02:681.3 P5 | 226377 | 01/03/2023 | 01/03/2023 | Books |